01038 a2200217 45000010006000000050017000060080041000230030015000640400040000790800031001192450068001500200018002182500012002362640033002483000019002815050364003000410008006641000028006727000021007008560099007215308720260407155804.0260407a1981 arg spa dAR-UNSa-BCEJYS aAR-UNSa-BCEJYSbspacAR-UNSa-BCEJYS a330xEconomía en general10aIntroducción a la economíapuna guía para todos (o casi)) a84-7423-098-5 a3a. ed. 1aBarcelona :bCríticac1981 a234 p.c20 cm. a1. ¿Qué es la economía? - 2. Los sistemas económicos - 3. ¿Qué ha sucedido con el mercado? - 4. La gran empresa moderna - 5. De nacionalizaciones y multinacionales - 6. La moneda y la política monetaria - 7. ¿Qué es la política fiscal? - 8. ¿Qué hacer? - 9. La escena internacional - 10. El crecimiento,el poder y la política del mercado aspa1 aGalbraith, John Kenneth1 aSalinger, Nicole41uhttps://www.biblioeco.unsa.edu.ar/pmb/images/libros/L128299.jpgyImagen de portadaqimage/jpeg